| 000 | 01742cam a2200277 4500 | ||
|---|---|---|---|
| 001 | WB3701-26 | ||
| 008 | 000000n2000 000 0 eng u | ||
| 035 | _a(Sirsi) u110050 | ||
| 245 | _aLandlord and Tenant | ||
| 260 | _c2000 | ||
| 490 |
_aEstates Gazette Case Summaries _v[2000] EGCS 152(2) (16/12/00) |
||
| 520 | _a"R v SoS Environment and another, ex parte Spath Holme Ltd", HL 7 December 2000. CA had accepted SH's challenge to the validity of the Rent Acts (Maximum Fair Rent) Order 1999, made under a 'reserve power' in the Landlord and Tenant Act 1985 s31. SoS appealed to HL which ruled that the CA had correctly concluded that the case was one where it was appropriate to consider the statutory predecessor. Applied the majority decision in "Pepper v Hart ", whereby reference to parliamentary materials could only be made if legislation was ambiguous, obscure, or lead to an absurdity; the material relied upon consisted primarily of statements by a minister or promoter of the bill; and the effect of such statements was clear, was applied. These conditions were unsatisfied. Appeal allowed. | ||
| 590 | _aWB | ||
| 650 | _aFAIR RENTS | ||
| 650 | _aLANDLORD AND TENANT ACT 1985 S31 | ||
| 650 | _aR V SOS ENVIRONMENT AND ANOTHER EX P SPATH HOLME LTD | ||
| 650 | _aCURTIS AND OTHERS V LONDON RENT ASSESSMENT COMMITTEE AND OTHERS | ||
| 650 | _aRENT ACTS (MAXIMUM FAIR RENT) ORDER 1999 | ||
| 650 | _aHOUSING RENTS AND SUBSIDIES ACT 1975 | ||
| 650 | _aPEPPER V HART | ||
| 650 | _aRENT ACT 1977 S74 | ||
| 650 | _aCOUNTER INFLATION ACT 1973 | ||
| 690 | _aLANDLORD AND TENANT-RESIDENTIAL TENANCIES-CASE LAW | ||
| 856 | _uhttps://www.publications.parliament.uk/pa/ld200001/ldjudgmt/jd001207/spath-1.htm | ||
| 942 | _n0 | ||
| 999 |
_c65643 _d65643 |
||